00348pam a2200145a 44500008004100000020000900041041001200050082000800062100001600070245005500086250000700141260003700148300000800185650000900193230515b1983 xxu||||| |||| 00| 0 eng d aNULL aENGLISH a657 aVICKERY B E aPRINCIPLES & PRACTICE OF BOOK KEEPING AND ACCOUNTS a19 aDELHIbCASSELL AND COMPANYc1983 a960 aNULL